000 00507nam a22002177a 4500
003 UA-OsUOA
001 45081
007 ta
008 20070327b un ||||| |||| 00| 0 ukr d
100 _aЩербак Ю.
090 _a32
_bЩ-11
942 _cSA
040 _aUA-OsUOA
_bukr
_cUA-OsUOA
_dUA-OsUOA
245 _aУкраїна - Європа: інтенсивний біг
300 _aС.4
955 _a0
041 _aukr
080 _a32
773 0 _w45080
650 7 _a32 Політика
_2UDC
999 _c331192
_d331192